| 000 | 00000nam 2200000za 4500 |
| 001 | 9.641200 |
| 003 | CaOODSP |
| 005 | 20210624223102 |
| 007 | cr ||||||||||| |
| 008 | 150407s2005 xxc|||||o f|0| 0 fre d |
| 040 | |aCaOODSP|bfre |
| 043 | |an-cn--- |
| 086 | 1 |aT52-4/77-2005F-PDF |
| 245 | 00|aAviation - utilisation des terrains au voisinage des aéroports |h[ressource électronique] / |c[par] Centre de communications de l'Aviation civile (AARC). |
| 260 | |aOttawa : |bTransports Canada, |cc2005. |
| 300 | |a49 p. : |bill. |
| 590 | |a13-02-Supp|b2013-01-11 |
| 691 | 07|aAéroport|2gcpds |
| 691 | 07|aGestion du territoire|2gcpds |
| 710 | 1 |aCanada. |bTransports Canada. |
| 775 | 08|tAviation - land use in the vicinity of airports |w(CaOODSP)9.697132 |
| 856 | 40|ahttp://publications.gc.ca|qPDF|s1.29 Mo|uhttps://publications.gc.ca/collections/collection_2013/tc/T52-4-77-2005-fra.pdf |
| 986 | |aTP 1247F (05/2005) |